Walden two / (Record no. 9454)
[ view plain ]
| 000 -LEADER | |
|---|---|
| fixed length control field | 00563cam a2200205Ma 4500 |
| 001 - CONTROL NUMBER | |
| control field | 220169186 |
| 003 - CONTROL NUMBER IDENTIFIER | |
| control field | OCoLC |
| 005 - DATE AND TIME OF LATEST TRANSACTION | |
| control field | 20210114161951.0 |
| 008 - FIXED-LENGTH DATA ELEMENTS--GENERAL INFORMATION | |
| fixed length control field | 770906s1962 nyu 000 1 eng d |
| 035 ## - SYSTEM CONTROL NUMBER | |
| System control number | (OCoLC)220169186 |
| 040 ## - CATALOGING SOURCE | |
| Original cataloging agency | AU@ |
| Language of cataloging | eng |
| Transcribing agency | AU@ |
| Modifying agency | OCLCQ |
| -- | CIRBC |
| 082 04 - DEWEY DECIMAL CLASSIFICATION NUMBER | |
| Classification number | 813/.54 |
| 092 ## - LOCALLY ASSIGNED DEWEY CALL NUMBER (OCLC) | |
| Classification number | 813.54 |
| Item number | S6283 |
| 100 1# - MAIN ENTRY--PERSONAL NAME | |
| Personal name | Skinner, B. F. |
| Fuller form of name | (Burrhus Frederic), |
| Dates associated with a name | 1904-1990. |
| 245 10 - TITLE STATEMENT | |
| Title | Walden two / |
| Statement of responsibility, etc. | by B.F. Skinner. |
| 260 ## - PUBLICATION, DISTRIBUTION, ETC. | |
| Place of publication, distribution, etc. | New York : |
| Name of publisher, distributor, etc. | Macmillan, |
| Date of publication, distribution, etc. | 1962. |
| 300 ## - PHYSICAL DESCRIPTION | |
| Extent | 266 p. ; |
| Dimensions | 20 cm. |
| 500 ## - GENERAL NOTE | |
| General note | Originally published 1948. |
| 942 ## - ADDED ENTRY ELEMENTS (KOHA) | |
| Source of classification or shelving scheme | Dewey Decimal Classification |
| Koha item type | Books |
| Withdrawn status | Lost status | Source of classification or shelving scheme | Damaged status | Not for loan | Collection code | Home library | Current library | Shelving location | Date acquired | Total Checkouts | Full call number | Barcode | Date last seen | Price effective from | Koha item type |
|---|---|---|---|---|---|---|---|---|---|---|---|---|---|---|---|
| Dewey Decimal Classification | Non-fiction | Harvest Mission College | Harvest Mission College | General Stacks | 22.01.2021 | 813.54 SK62W | 010804 | 22.01.2021 | 22.01.2021 | Books |
